A southern architecture : (Record no. 26605)

000 -LEADER
fixed length control field 01641aam a22003977a 4500
001 - CONTROL NUMBER
control field 15214698
003 - CONTROL NUMBER IDENTIFIER
control field OSt
005 - DATE AND TIME OF LATEST TRANSACTION
control field 20170204164459.0
008 - FIXED-LENGTH DATA ELEMENTS--GENERAL INFORMATION
fixed length control field 080311s2007 nz ae 001 0deng d
010 ## - LIBRARY OF CONGRESS CONTROL NUMBER
LC control number 2008378555
020 ## - INTERNATIONAL STANDARD BOOK NUMBER
International Standard Book Number 9781877372483
035 ## - SYSTEM CONTROL NUMBER
System control number (OCoLC)166384218
035 ## - SYSTEM CONTROL NUMBER
System control number (Nz)11544640
035 ## - SYSTEM CONTROL NUMBER
System control number (OCoLC)ocn166384218
040 ## - CATALOGING SOURCE
Original cataloging agency BTCTA
Transcribing agency BTCTA
Modifying agency YDXCP
-- OCoLC
-- DP
-- DLC
042 ## - AUTHENTICATION CODE
Authentication code lccopycat
043 ## - GEOGRAPHIC AREA CODE
Geographic area code u-nz---
050 00 - LIBRARY OF CONGRESS CALL NUMBER
Classification number NA1606.5 .M34 2007
082 04 - DEWEY DECIMAL CLASSIFICATION NUMBER
Classification number 720.99391
Edition number 21
100 1# - MAIN ENTRY--PERSONAL NAME
Personal name McCoy, E. J.
Fuller form of name (Edward John),
Dates associated with a name 2007-
245 12 - TITLE STATEMENT
Title A southern architecture :
Remainder of title the work of Ted McCoy /
Statement of responsibility, etc. with an introduction by Douglas Lloyd-Jenkins.
260 ## - PUBLICATION, DISTRIBUTION, ETC. (IMPRINT)
Place of publication, distribution, etc. Dunedin, N.Z. :
Name of publisher, distributor, etc. Otago University Press,
Date of publication, distribution, etc. 2007.
300 ## - PHYSICAL DESCRIPTION
Extent 173 p. :
Other physical details ill. (some col.), plans ;
Dimensions 28 cm.
500 ## - GENERAL NOTE
General note Includes index.
505 0# - FORMATTED CONTENTS NOTE
Formatted contents note About the architect -- Influences -- Houses -- Churches -- Major buildings.
600 10 - SUBJECT ADDED ENTRY--PERSONAL NAME
Personal name McCoy, E. J.
Fuller form of name (Edward John),
Dates associated with a name 2007-
650 #0 - SUBJECT ADDED ENTRY--TOPICAL TERM
Topical term or geographic name as entry element Architects
Geographic subdivision New Zealand.
650 #0 - SUBJECT ADDED ENTRY--TOPICAL TERM
Topical term or geographic name as entry element Architecture
Geographic subdivision New Zealand
General subdivision History
Chronological subdivision 20th century.
650 #0 - SUBJECT ADDED ENTRY--TOPICAL TERM
Topical term or geographic name as entry element Architecture
Geographic subdivision New Zealand
-- Dunedin.
650 #0 - SUBJECT ADDED ENTRY--TOPICAL TERM
Topical term or geographic name as entry element Architecture
Geographic subdivision New Zealand
-- Otago.
700 1# - ADDED ENTRY--PERSONAL NAME
Personal name Lloyd-Jenkins, Douglas.
906 ## - LOCAL DATA ELEMENT F, LDF (RLIN)
a 7
b cbc
c copycat
d 2
e ncip
f 20
g y-gencatlg
942 ## - ADDED ENTRY ELEMENTS (KOHA)
Source of classification or shelving scheme
Koha item type Hard Covered Materials
Classification part NA1606.5 .M34 2007
Call number prefix 34290
Holdings
Withdrawn status Lost status Source of classification or shelving scheme Damaged status Not for loan Home library Current library Shelving location Date acquired Source of acquisition Total Checkouts Full call number Barcode Date last seen Price effective from Koha item type
          MACHAKOS UNIVERSITY LIBRARY MACHAKOS UNIVERSITY LIBRARY Technical section 04/02/2017 Donation (BFA)   NA1606.5 .M34 2007 34290 09/07/2018 04/02/2017 Hard Covered Materials
© Machakos University Library, Along The Highway, Machakos Wote Rd, Machakos, Kenya P.O. Box 136 - 90100 Machakos - Kenya

Tel: ( +254 ) 723 805829 OR Fax : 044-20353 OR Email: library@mksu.ac.ke